[Event "POL Youth-ch U20 Girls 2020"]
[Site "Pokrzywna"]
[Date "2020.12.06"]
[Round "9.1"]
[White "Wikar, Martyna"]
[Black "Rudzinska, Michalina"]
[Result "1-0"]
[WhiteElo "2171"]
[BlackElo "2189"]
[Annotator "TA"]
[PlyCount "123"]
[EventDate "2020.11.29"]
[EventType "swiss"]
[EventCountry "POL"]
[SourceTitle "playchess.com"]
[Source "ChessBase"]
[SourceQuality "1"]

{[%evp 21,123,0,0,0,6,-9,0,0,0,0,42,18,89,36,33,60,71,51,78,90,117,71,139,106,107,102,102,102,132,107,179,86,175,109,161,122,160,141,142,136,129,132,147,135,147,137,122,118,108,128,125,108,130,28,56,12,187,151,185,178,196,195,155,51,58,29,95,89,165,12,11,14,272,260,262,249,259,253,489,495,649,638,576,479,927,926,740,702,2025,1983,1735,1594,1462,1339,5540,4627,6160,5691,29976,29976,29984,29985,29985,29986]} 1. e4 c5 2. Nf3 e6 3. d4 cxd4 4. Nxd4 Nc6 5. Nc3 Qc7 6. f4 a6 7. Nxc6 bxc6 8. e5 d6 9. exd6 Bxd6 10. Ne4 Be7 11. Bd3 Nf6 12. O-O {B46: Sicilian: Taimanov: 5 Nc3 a6.} O-O 13. Qe2 Nxe4 14. Qxe4 {[%csl Gd3][%cal Re4h7] The position is equal.} g6 15. Be3 {[#]} f5 $146 ({Predecessor:} 15... Bf6 16. Rab1 Rb8 17. Bc5 Rd8 18. b4 Qd7 19. Rfd1 Bd4+ 20. Qxd4 Qxd4+ 21. Bxd4 Rxd4 {1-0 (39) Haast,A (2296)-Hortensius,L (2162) Amsterdam 2014}) 16. Qc4 Bd6 (16... Rd8 $11) 17. Rad1 (17. Qc3 $16) 17... Rb8 $14 18. Qd4 $36 {[%mdl 2048] White has the initiative.} Be7 19. b3 Rd8 20. Qc3 Bb4 21. Qf6 {Strongly threatening Bxf5.} (21. Qa1 {seems wilder.} Re8 22. Bc4 Bf8 23. Bd4 Bb7 24. Be5) 21... Rf8 (21... Be7 $142 22. Qc3 c5) 22. Qh4 Be7 23. Qf2 c5 24. Bc4 Kg7 25. Rfe1 Qc6 (25... Re8 $16 {keeps fighting.}) 26. Kh1 (26. Bc1 $18 {and White stays clearly on top.}) 26... h5 {[#]} (26... Re8 $16) 27. h3 (27. Bc1 $1 $18) 27... Kh6 (27... Re8 $16) 28. Re2 Bd7 29. Red2 Bc8 30. Qe2 Re8 31. Bg1 Rb6 {[#]} 32. Qe5 $1 Bb7 33. a4 {[%cal Ba2a4,Ba4a5][%mdl 32]} Qe4 34. a5 Qxe5 35. fxe5 Rc6 36. Rd7 Bc8 37. R7d3 (37. Ra7 $16 {Be2 is the strong threat.} Rd8 38. Be3+ g5 39. Rd2 Rxd2 40. Bxd2) 37... g5 38. h4 f4 $2 (38... gxh4 $11 {and Black stays safe.} 39. Be3+ Kg6) 39. Bh2 Rf8 40. Rf3 Rc7 41. hxg5+ Bxg5 42. Be2 (42. Rd6 $16) 42... Bb7 43. Rh3 h4 (43... Rf5 $11) 44. Rd6 $16 {[%mdl 64] Double Attack} Rc6 (44... Kg6 $16) 45. Rhd3 $2 ({White must play} 45. Rd7 $18 Bc8 46. Ra7) 45... Rxd6 $1 $11 46. Rxd6 h3 $2 {[%mdl 8192] White now steadily converts the win.} (46... f3 $11 47. Bxf3 (47. Rxe6+ Kh5 $16) 47... Bxf3 48. gxf3 (48. Rxe6+ Kh5 $16) 48... Rxf3) 47. Rxe6+ $18 Kg7 48. Bf3 ({Avoid the trap} 48. Bxa6 $2 hxg2+ 49. Kg1 f3 $19) 48... hxg2+ 49. Kxg2 Bxf3+ $2 (49... Bc8 50. Rc6 Rd8) 50. Kxf3 {[%mdl 4096] Endgame KRB-KRB} Rh8 51. Bg1 Rh3+ 52. Ke4 Rc3 (52... f3 $142 53. Bf2 Rh6) 53. Rxa6 Rxc2 54. Kf5 f3 55. Kxg5 {KRB-KR} Rg2+ 56. Kf4 Rxg1 57. Kxf3 {KR-KR} Kf7 58. Ke4 Rd1 59. Rb6 Rd4+ 60. Kf5 {White mates.} Ke7 61. a6 Rd1 62. Rb7+ {Weighted Error Value: White=0.32/Black=0.56} 1-0

[Event "POL Youth-ch U20 Girls 2020"]
[Site "Pokrzywna"]
[Date "2020.12.06"]
[Round "9.2"]
[White "Kiolbasa, Oliwia"]
[Black "Antolak, Julia"]
[Result "1-0"]
[WhiteElo "2260"]
[BlackElo "2313"]
[Annotator "TA"]
[PlyCount "77"]
[EventDate "2020.11.29"]
[EventType "swiss"]
[EventCountry "POL"]
[SourceTitle "playchess.com"]
[Source "ChessBase"]
[SourceQuality "1"]

{[%evp 17,77,22,39,31,32,30,48,31,67,62,66,67,66,65,63,64,56,57,68,61,65,50,56,52,88,91,176,181,156,118,183,197,262,216,355,343,405,406,445,448,653,488,1003,966,1390,1367,29981,29982,29982,29983,29983,29984,29984,29985,29985,29985,29985,29986,29986,29987,29987,29986]} 1. e4 {Bulletin} c5 2. Nf3 d6 3. d4 cxd4 4. Nxd4 Nf6 5. Nc3 a6 6. g3 e6 7. Bg2 Be7 8. O-O O-O 9. Be3 Nc6 10. Nxc6 {B80: Sicilian Scheveningen: 6 g3 and 6 Be3, including English Attack.} bxc6 11. Na4 Rb8 12. e5 {White is slightly better.} Nd5 13. exd6 $1 Bxd6 14. Bd2 c5 15. c4 Ne7 {[#]} 16. Ba5 $146 ({Predecessor:} 16. Bc3 Nf5 17. b3 e5 18. Bb2 Nd4 19. Nc3 f5 20. f4 exf4 21. gxf4 Re8 22. Rf2 {1-0 (38) Kudrin,S (2505)-De Firmian,N (2475) Greenville 1983 MCL [Bulletin]}) 16... Qxa5 17. Qxd6 {[%mdl 64] And now b3 would win. Double Attack} Rb4 {Hoping for ...Nf5.} 18. b3 {[%cal Bb2b3,Bb3a4,Ba4a5][%mdl 32]} Nf5 19. Qe5 f6 20. Qe1 $1 $36 {[%mdl 2048] White has good play.} Qc7 21. Rd1 Rxa4 (21... Re8 $16) 22. bxa4 $18 Nd4 23. a5 Bd7 (23... e5 $16) 24. Rb1 Bc6 (24... e5 $142 25. Bd5+ Kh8) 25. Rb6 Bxg2 (25... Bd7 $142 26. Rxa6 Rb8) 26. Kxg2 Rd8 27. Qe4 f5 {[#]} 28. Qb7 $1 Qe5 (28... Qxb7+ $142 29. Rxb7 f4) 29. f4 Qe3 {[#]} (29... Qe2+ $142 30. Rf2 Qxc4 31. Rxa6 (31. Qxa6 Qd5+ 32. Kh3 Nf3 $18) 31... Qd5+ 32. Qxd5 exd5) 30. Qe7 $1 Nc6 31. Rxc6 {[%mdl 64] Double Attack} Rd2+ {[#]} 32. Kh3 $1 {[%cal Re7e8] White mates.} Rxh2+ 33. Kxh2 {[%cal Re7e8]} Qe2+ {[#]} 34. Kg1 $1 {[%cal Re7e8]} Qe3+ 35. Rf2 {[%cal Re7e8]} Qxg3+ {[#]} 36. Kf1 $1 {[%cal Re7e8]} Qd3+ {[#]} 37. Kg2 $1 {[%cal Re7e8]} Qe4+ {[#]} 38. Kh2 $1 {[%cal Re7e8]} Qxc6 39. Rd2 {Weighted Error Value: White=0.08/Black=0.67} 1-0

[Event "POL Youth-ch U20 Girls 2020"]
[Site "Pokrzywna"]
[Date "2020.12.06"]
[Round "9.3"]
[White "Dylag, Emilia"]
[Black "Parol, Pola"]
[Result "0-1"]
[WhiteElo "2082"]
[BlackElo "2069"]
[Annotator "TA"]
[PlyCount "94"]
[EventDate "2020.11.29"]
[EventType "swiss"]
[EventCountry "POL"]
[SourceTitle "playchess.com"]
[Source "ChessBase"]
[SourceQuality "1"]

{[%evp 14,94,23,26,20,17,48,43,50,37,62,64,68,12,10,-28,-30,-32,-25,-83,15,-15,-22,-16,57,47,121,118,116,119,116,114,122,119,93,87,84,90,115,110,122,127,147,134,252,252,451,255,254,-223,-227,-212,-227,-214,-219,-231,-216,-455,-466,-595,-575,-503,-572,-587,-502,-504,0,-518,0,-502,-474,-493,-479,-652,-652,-651,-651,-643,-637,-643,-643,-819,-825]} 1. d4 Nf6 2. c4 e6 3. Nf3 d5 4. Nc3 Bb4 5. Bg5 h6 6. Bxf6 Qxf6 7. Qa4+ Nc6 8. e3 O-O {D38: Queen's Gambit Declined: Ragozin Defence (4 Nf3 Bb4).} 9. Rc1 dxc4 10. Bxc4 {[#]} Bd6 $146 {White is slightly better.} ({Predecessor:} 10... a6 11. O-O Bd7 12. Qc2 Bd6 13. Rfd1 Rfe8 14. Be2 Rac8 15. Ne4 Qe7 16. Nc5 Bxc5 17. Qxc5 Qxc5 18. Rxc5 {½-½ (70) Gozzoli,Y (2569)-Tazbir,M (2513) Germany 2017}) 11. O-O e5 {[%cal Re5d4]} 12. Ne4 Qg6 13. dxe5 (13. Bd5 $14) 13... Nxe5 $11 14. Nh4 Qh5 15. Ng3 Qg4 16. f3 (16. Bb3 $11) 16... Qd7 (16... Bd7 $17 17. Bxf7+ Rxf7 18. Qxg4 Bxg4 19. fxg4 Nxg4) 17. Bb5 c6 18. Be2 Qe6 (18... g6 $11) 19. Nhf5 $14 {Black must now prevent f4.} Bc7 (19... Qg6 $14 20. Nxd6 Qxd6) 20. f4 $16 Ng6 21. Qd4 {[%csl Gf5][%cal Rd4g7]} Qf6 22. Nxh6+ Kh7 {aiming for ...Qxd4.} 23. Qxf6 gxf6 24. Nhf5 $36 {[%mdl 2048] Keeping Black busy.} Re8 25. Bc4 Be6 26. Kf2 Rad8 27. Kf3 Ba5 28. b3 Rd2 (28... Bxf5 $16 29. Nxf5 Ne7) 29. Bxe6 $18 ({Stronger than} 29. Ne4 Bxf5 30. Nxd2 (30. Nxf6+ $2 Kh6 $19) 30... Bxd2 $15) 29... Rxe6 $2 (29... fxe6 {keeps fighting.} 30. Ne4 {[%mdl 64] Double Attack} Red8) 30. Ne4 (30. Rfd1 $142) 30... Rxa2 31. Nd4 $4 {[%mdl 8192]} (31. Rfd1 $18) 31... Nh4+ $19 {[%mdl 64] [#] Double Attack} 32. Kg3 Rxe4 (32... Rxg2+ 33. Kxh4 Rxe4 34. Nf5 $17) 33. Kxh4 Rxe3 ({Resist} 33... Rxg2 34. Nf5 $17) 34. Nf5 Rxb3 35. Rcd1 $2 (35. Ra1 Rba3 36. Rxa2 Rxa2 37. Rb1) 35... Rxg2 36. Rd7 Rxh2+ 37. Kg4 Rg2+ 38. Kh4 Kg6 39. Ne7+ Kh7 40. Nf5 Kg6 41. Ne7+ $1 Kh6 {Strongly threatening ...Rb5.Black is clearly winning.} 42. Nf5+ {[#]} Kh7 $1 ({Much less strong is} 42... Kg6 43. Ne7+ $19) 43. Rxf7+ Kg6 44. Rg7+ Kxf5 {[%cal Rg2h2]} 45. Rxg2 Re3 46. Rh2 Be1+ 47. Kh5 Re8 {Weighted Error Value: White=0.49/Black=0.47} 0-1

[Event "POL Youth-ch U20 Girls 2020"]
[Site "Pokrzywna"]
[Date "2020.12.06"]
[Round "9.4"]
[White "Malicka, Maria"]
[Black "Karykowska, Anna"]
[Result "1-0"]
[WhiteElo "2291"]
[BlackElo "1979"]
[Annotator "TA"]
[PlyCount "73"]
[EventDate "2020.11.29"]
[EventType "swiss"]
[EventCountry "POL"]
[SourceTitle "playchess.com"]
[Source "ChessBase"]
[SourceQuality "1"]

{[%evp 24,73,27,26,52,41,49,41,50,37,43,14,32,17,28,35,37,20,20,25,19,20,25,1,4,5,14,12,15,15,16,15,16,14,13,0,36,35,73,43,43,27,95,94,242,256,522,333,682,682,750,753]} 1. e4 c5 2. Nf3 e6 3. d4 cxd4 4. Nxd4 Nc6 5. Nc3 Nf6 6. Ndb5 Bb4 7. a3 Bxc3+ 8. Nxc3 d5 9. exd5 exd5 10. Bd3 O-O 11. O-O d4 12. Ne2 Bg4 13. Bg5 Re8 {B45: Sicilian Four Knights.} 14. Re1 Qd6 15. Qd2 Bxe2 {White is slightly better.} 16. Bf4 Qd5 {[#] ...Bxd3 is the strong threat.} 17. Rxe2 (17. Bxe2 {is more complex.} Rad8 18. Rad1 h6 19. Bd3 Ne4 20. Qe2) 17... Rxe2 18. Qxe2 Re8 19. Qd2 {[#]} Ne5 $146 ({Predecessor:} 19... Qe6 20. Kf1 Nh5 21. Bc7 Nf6 22. h3 Nd5 23. Bg3 Qf6 24. Re1 Re6 25. Kg1 Qe7 26. Rxe6 Qxe6 {1-0 (43) Juhasz,J (2277)-Dibusz,F (2223) Hungary 2005}) 20. Re1 (20. Bf1 {keeps more tension.} Nc6 21. f3 Qd8 22. Re1 Rxe1 23. Qxe1 Qd5 24. Bg3) 20... Nxd3 21. Rxe8+ Nxe8 22. cxd3 h6 23. h3 Nf6 24. Qc2 Qb5 25. Kh2 Nd7 26. b4 Qf5 27. Qc8+ Kh7 28. Bg3 Qd5 29. Qe8 Nf6 30. Qe5 Qd7 31. Qc5 b6 32. Qc4 Nh5 (32... Kg6 $11) 33. Be5 $16 Qf5 {A mistake that costs the game.} (33... Nf6 $16 {might work better.}) 34. Qxd4 $18 {[#] Black must now prevent g4.} f6 $2 (34... Qg5 35. Qe4+ Qg6) 35. Bb8 Qg5 $2 (35... g5 36. g4 (36. Bxa7 b5 $18) 36... Qc8) 36. g4 Qb5 37. gxh5 {Weighted Error Value: White=0.14/Black=0.50} 1-0

[Event "POL Youth-ch U20 Girls 2020"]
[Site "Pokrzywna"]
[Date "2020.12.06"]
[Round "9.5"]
[White "Goraj, Barbara"]
[Black "Szczotka, Klara"]
[Result "0-1"]
[WhiteElo "2078"]
[BlackElo "1928"]
[Annotator "TA"]
[PlyCount "82"]
[EventDate "2020.11.29"]
[EventType "swiss"]
[EventCountry "POL"]
[SourceTitle "playchess.com"]
[Source "ChessBase"]
[SourceQuality "1"]

{[%evp 17,82,32,54,28,43,38,41,40,54,46,63,28,79,27,94,83,92,83,296,137,181,45,82,0,0,-86,-81,-81,19,2,7,14,46,39,37,43,50,67,45,-28,29,3,59,-42,-50,-50,-51,-43,-42,-96,-75,-460,-453,-507,-516,-581,-577,-624,-622,-605,-604,-687,-608,-737,-725,-709,-625]} 1. e4 c5 2. Nf3 e6 3. d4 cxd4 4. Nxd4 a6 5. Bd3 Nf6 6. O-O Qc7 7. Qe2 d6 8. c4 Nbd7 9. f4 Be7 10. Kh1 {B42: Sicilian: Kan Variation: 5 Bd3.} b6 11. Nc3 Bb7 12. Bd2 {White is slightly better.} Rc8 13. Rae1 O-O 14. Nf3 Qb8 {[#]} (14... Nc5 $11) 15. e5 $146 (15. a3 $16) ({Predecessor:} 15. Bb1 Rfd8 16. Ng5 h6 17. Nh3 Qa8 18. Rf3 Ne8 19. b3 Nc7 20. Nf2 Re8 21. Rg3 {½-½ (42) Sharma,D (2261)-Gahan,M (2311) Puchong 2018}) 15... dxe5 (15... Ng4 $11) 16. fxe5 $16 Ne8 17. Bf4 Qc7 $2 {[#]} (17... g6 $16) 18. Ng5 (18. Nd5 $1 $18 {[%cal Rd5e7][%mdl 512]} Bxd5 19. cxd5) 18... g6 19. Qg4 ({White must play} 19. Nxh7 $1 $18 Kxh7 20. Nd5 $1 {[%mdl 512]} exd5 21. e6) 19... Ng7 {[#]} 20. Re3 (20. Nd5 $1 $16 {[%cal Rd5e7]} Qd8 21. Nxe7+ Qxe7 22. Qh3) 20... Qd8 21. Rg3 (21. Nge4 $11 {remains equal.}) 21... Bxg5 $17 22. Bxg5 {[#]} Nxe5 ({Better is} 22... Qc7 $1 $17 23. Qe2 Nxe5) 23. Bxd8 $11 Nxg4 24. Bxb6 Ne5 25. b3 f5 26. Re3 Nd7 27. Bd4 Rfe8 {...e5 is the strong threat.} 28. Be5 (28. Rfe1 $14) 28... Kf7 (28... Nxe5 $142 29. Rxe5 Rcd8) 29. Kg1 Red8 (29... Nxe5 $11 30. Rxe5 Ke7) 30. Bc2 (30. Bf4 $1 $14) 30... Nxe5 $15 31. Rxe5 Rd2 32. Rf2 Rcd8 33. Rfe2 (33. Rxd2 $15 Rxd2 34. Re2) 33... Kf6 $36 {[%mdl 2048] Strongly threatening ...Rxc2! Black is really pushing.} 34. Kf2 $2 {[%mdl 8192] [#]} (34. Rxd2 $17 {is more resistant.} Rxd2 35. Re2 Rxe2 36. Nxe2) 34... Rxc2 $1 $19 {[%mdl 576] Deflection. Black is clearly winning.} 35. Rxc2 {And now Rce2 would win.} Kxe5 36. c5 Bc6 37. b4 Rd4 38. a3 Ne8 39. Rb2 Nc7 40. a4 Rc4 41. Rb3 Bd5 {What a bad dream for White.  Weighted Error Value: White=0.73/Black=0.33} 0-1

[Event "POL Youth-ch U20 Girls 2020"]
[Site "Pokrzywna"]
[Date "2020.12.06"]
[Round "9.6"]
[White "Smietanska, Wiktoria"]
[Black "Zabrzanska, Weronika"]
[Result "0-1"]
[WhiteElo "2013"]
[BlackElo "1849"]
[Annotator "TA"]
[PlyCount "68"]
[EventDate "2020.11.29"]
[EventType "swiss"]
[EventCountry "POL"]
[SourceTitle "playchess.com"]
[Source "ChessBase"]
[SourceQuality "1"]

{[%evp 13,68,35,47,36,45,36,43,46,43,35,67,0,0,0,0,0,4,0,0,-11,-4,-41,-19,-55,-56,-71,-82,-86,-78,-204,-204,-219,-231,-295,-278,-436,-424,-439,-429,-436,-429,-468,-475,-509,-493,-1309,-1308,-1317,-1995,-1803,-1466,-1881,-1278,-5712,-5446,-4902,-4843]} 1. e4 e5 2. Nf3 Nc6 3. Bb5 a6 4. Ba4 Nf6 5. O-O b5 6. Bb3 Bc5 7. c3 d6 8. d4 {C78: Ruy Lopez: Archangelsk and Möller Defences.} Ba7 9. dxe5 dxe5 10. Qxd8+ {White is slightly better.} Nxd8 11. Nxe5 Nxe4 {[#]} 12. a4 $146 ({Better is} 12. Bd5 $14 Bb7 13. Bxe4 Bxe4 14. Re1) ({Predecessor:} 12. Bd5 Bb7 13. Bxe4 Bxe4 14. Re1 Bxb1 15. Ng6+ Ne6 16. Nxh8 Bd3 17. Be3 Bxe3 18. Rxe3 {½-½ (38) Smirnoff,S-Coremans,J IECG email 1998}) 12... Bb7 $11 13. Nd2 {Nxe4 is the strong threat.} Nc5 14. Bc2 Nxa4 15. Bxa4 bxa4 16. Rxa4 O-O 17. Ndc4 f6 18. Ng4 Bc6 19. Ra2 Bb5 20. b3 {[#]} a5 $1 $36 {[%cal Ba6a5,Ba5a4][%mdl 2592] Keeping White busy.} 21. Rd1 {[#]} (21. Re1 $17) (21. Rxa5 Bxc4) 21... a4 $1 $19 {[%cal Ra4b3][%mdl 512]} 22. Nge3 (22. bxa4 Bxc4) 22... axb3 23. Rb2 Ne6 24. Nd2 (24. Na3 $142 Bc6 25. Nac4) 24... Bxe3 {Black is clearly winning.} 25. fxe3 Nc5 ({Less strong is} 25... Be2 26. Re1 $17) 26. c4 Bc6 27. Rf1 Rfb8 28. g3 Rb7 29. Nf3 (29. e4 $142) 29... Bxf3 30. Rxf3 Ra1 31. Rf1 Nd3 {[%mdl 64] Double Attack} 32. Rd2 Rxc1 33. Rxd3 Rxf1+ 34. Kxf1 b2 {Black took control after the opening.  Weighted Error Value: White=0.95/Black=0.28} 0-1

[Event "POL Youth-ch U20 Girls 2020"]
[Site "Pokrzywna"]
[Date "2020.12.06"]
[Round "9.7"]
[White "Budkiewicz, Magdalena"]
[Black "Kulpa, Zuzanna"]
[Result "1-0"]
[WhiteElo "1672"]
[BlackElo "1806"]
[Annotator "NA RC"]
[PlyCount "63"]
[EventDate "2020.11.29"]
[EventType "swiss"]
[EventCountry "POL"]
[SourceTitle "playchess.com"]
[Source "ChessBase"]
[SourceQuality "1"]
[TimeControl "40/5400+30:1800+30"]

1. e4 {[%emt 0:00:00]} e5 {[%emt 0:00:00]} 2. Nf3 {[%emt 0:00:00]} Nc6 {[%emt 0:00:00]} 3. Nc3 {[%emt 0:00:00]} Nf6 {[%emt 0:00:00]} 4. d4 {[%emt 0:00:08]} exd4 {[%emt 0:00:03]} 5. Nxd4 {[%emt 0:00:15]} Bb4 {[%emt 0:03:51]} 6. Nxc6 {[%emt 0:00:22]} bxc6 {[%emt 0:00:10]} 7. Bd3 {[%emt 0:00:26]} d5 {[%emt 0:00:56]} 8. exd5 {[%emt 0:00:10]} cxd5 {[%emt 0:00:05]} 9. O-O {[%emt 0:00:13]} O-O {[%emt 0:00:06]} 10. Qf3 {[%emt 0:04:01] C47: Scotch Four Knights and Four Knights with 4 g3.} h6 {[%emt 0:07:33]} 11. h3 {[%emt 0:03:05]} c6 {[%emt 0:01:43]} 12. Bf4 {[%emt 0:02:11]} Bd6 {[%emt 0:01:10]} 13. Ne2 {[%emt 0:02:53]} Re8 {[%emt 0:05:11]} 14. Rad1 {[%emt 0:04:38]} Be6 {[%emt 0:05:37]} 15. Rfe1 {[%emt 0:11:57]} Bxf4 {[%emt 0:05:07]} 16. Nxf4 {[%emt 0:00:19]} Qb6 {[%emt 0:00:08]} 17. b3 {[%emt 0:03:56] [#]} c5 $146 {[%emt 0:06:57]} ({Predecessor:} 17... Bd7 18. a4 Rad8 19. Nh5 Nxh5 20. Qxh5 Qb4 21. Re3 Rxe3 22. fxe3 Qe7 {1-0 (53) Che,Q (2020)-Nguyen,H (1670) Ho Chi Minh City 2016}) 18. Nh5 {[%emt 0:11:06]} Nxh5 {[%emt 0:03:44]} 19. Qxh5 {[%emt 0:00:14]} Rad8 {[%emt 0:01:05]} 20. Bf5 {[%emt 0:09:50]} g6 {[%emt 0:14:10]} 21. Bxg6 {[%emt 0:01:22]} fxg6 {[%emt 0:00:06]} 22. Qxg6+ {[%emt 0:00:24]} Kf8 {[%emt 0:00:08]} 23. Qxh6+ {[%emt 0:04:43]} Ke7 {[%emt 0:00:05]} 24. Re5 {[%emt 0:11:33]} Rd6 {[%emt 0:05:24]} 25. Rde1 {[%emt 0:02:01]} Kd7 {[%emt 0:03:30]} 26. Qg6 {[%emt 0:01:26]} Rf8 {[%emt 0:08:00]} 27. R1e2 {[%emt 0:07:42]} c4 {[%emt 0:04:26]} 28. h4 {[%emt 0:01:42]} cxb3 {[%emt 0:02:27]} 29. axb3 $14 {[%emt 0:00:24]} Ke7 {[%emt 0:08:47]} 30. h5 {[%emt 0:02:08]} Rg8 {[%emt 0:06:59]} 31. Qh7+ {[%emt 0:00:20]} Kf8 {[%emt 0:00:06]} 32. Rf5+ {[%emt 0:00:08]} 1-0

[Event "POL Youth-ch U20 Girls 2020"]
[Site "Pokrzywna"]
[Date "2020.12.06"]
[Round "9.8"]
[White "Siekanska, Maria"]
[Black "Adamczyk, Zuzanna"]
[Result "1/2-1/2"]
[WhiteElo "1919"]
[BlackElo "1924"]
[Annotator "TA"]
[PlyCount "61"]
[EventDate "2020.11.29"]
[EventType "swiss"]
[EventCountry "POL"]
[SourceTitle "playchess.com"]
[Source "ChessBase"]
[SourceQuality "1"]

{[%evp 24,61,0,-11,0,-25,10,-29,0,-27,21,12,10,8,152,92,65,45,37,37,35,43,63,33,93,30,31,0,0,0,0,0,0,0,0,0,0,0,0,0]} 1. d4 d5 2. c4 e6 3. Nc3 c6 4. e3 Nf6 5. Nf3 Nbd7 6. Bd3 dxc4 7. Bxc4 b5 8. Bd3 Bd6 9. O-O O-O 10. e4 e5 11. dxe5 Nxe5 12. Nxe5 Bxe5 13. h3 Re8 {D46: Semi-Slav: 5 e3 Nbd7 6 Bd3, Black avoids the Meran.} 14. Qc2 Bb7 (14... Nh5 $5 {[%cal Rd8h4]} 15. f4 Bd4+ 16. Kh2 Qh4 $11) 15. Ne2 {[#]} Rc8 $146 {Black has an edge.} (15... c5 $5 {[%cal Rc5c4]} 16. Bxb5 Bxe4 17. Qxc5 Nd7 $11) ({Predecessor:} 15... a6 16. Rd1 Qe7 17. f4 Bc7 18. e5 Bb6+ 19. Kh2 Ng4+ 20. Kg3 Nf2 21. Bxh7+ Kh8 {½-½ (44) Mohammad,S (2349)-Tissir,M (2454) Dubai 2011}) 16. f4 Bd4+ (16... c5 $5 {[%cal Rc5c4]} 17. Bxb5 (17. fxe5 c4 $15) 17... Bd4+ 18. Nxd4 cxd4 $17) 17. Kh1 {[#] And now e5 would win.} c5 18. e5 Ng4 (18... Qd5 $11 {remains equal.} 19. Ng3 c4) 19. Nxd4 (19. Bxh7+ $142 Kf8 20. Bf5 Nf2+ 21. Kh2) 19... cxd4 $16 20. Qd1 ({Don't play} 20. Bxh7+ Kh8 $15) 20... Rxc1 21. Qxg4 (21. Rxc1 $2 {perishes.} Ne3 $19) 21... Rxa1 22. Rxa1 Qd5 23. Re1 {Hoping for Be4.} Bc8 {[#]} (23... Bc6 $14) 24. Qh4 (24. Qg3 $1 $16) 24... g6 $11 25. f5 Bxf5 {The position is equal.} ({Don't blunder} 25... Rxe5 $2 26. Rxe5 Qxe5 27. Qd8+ Kg7 28. Qxc8 $18) 26. Bxf5 gxf5 {KQR-KQR} 27. Qg5+ Kh8 28. Qf6+ Kg8 29. Qg5+ Kh8 30. Qf6+ Kg8 31. Qg5+ {Weighted Error Value: White=0.18/Black=0.32} 1/2-1/2

[Event "POL Youth-ch U20 Girls 2020"]
[Site "Pokrzywna"]
[Date "2020.12.06"]
[Round "9.9"]
[White "Cieslak, Wiktoria"]
[Black "Mirowska, Oliwia"]
[Result "1-0"]
[WhiteElo "2008"]
[BlackElo "1820"]
[Annotator "TA"]
[PlyCount "109"]
[EventDate "2020.11.29"]
[EventType "swiss"]
[EventCountry "POL"]
[SourceTitle "playchess.com"]
[Source "ChessBase"]
[SourceQuality "1"]

{[%evp 9,109,0,0,-6,25,23,37,49,47,-27,-21,-20,23,-15,-11,-28,-20,-57,-57,-45,-51,-52,-52,-62,-45,-52,-39,-56,0,0,0,0,0,0,6,7,7,7,10,0,8,0,7,0,0,0,0,0,0,0,0,0,0,-23,54,54,56,55,108,54,45,58,57,8,8,8,231,210,219,201,258,248,256,252,259,262,255,244,675,622,778,473,1834,1206,3741,1641,6191,2007,29974,29975,29975,29976,29975,29977,29976,29977,29975,29977,29970,29970,29978,29945]} 1. e4 g6 2. d4 Bg7 3. Nc3 c6 4. f4 d5 5. Nf3 dxe4 6. Nxe4 {B15: Caro-Kann: 3 Nc3: 3...g6 and 3...dxe4 4 Nxe4 Nf6 5 Nxf6+ exf6.} Bg4 7. c3 Nf6 8. Nxf6+ {[#] White is slightly better.} exf6 $146 ({Predecessor:} 8... Bxf6 9. Bc4 O-O 10. O-O Nd7 11. h3 Bxf3 12. Qxf3 e6 13. Be3 Nb6 14. Bb3 a5 {0-1 (37) Martsynovskaya,M (2046)-Foisor,S (2228) chess.com INT 2020}) 9. Bc4 (9. Qe2+ $14 Kd7 10. Qd1) 9... O-O $11 10. O-O Nd7 11. a4 (11. h3 $5 {[%cal Rh3g4]} Bf5 12. Re1 $11) 11... f5 12. a5 Nf6 13. Qb3 Bxf3 14. Rxf3 Qc7 15. Be3 Rfe8 16. Bf2 Re7 17. Bh4 Rae8 18. Qc2 Re3 (18... Re4 $15) 19. Rxe3 Rxe3 20. Bxf6 Bxf6 21. g3 Qe7 22. Kf2 h5 23. Qd2 Re4 24. b4 Qd6 {[%cal Re4d4]} 25. Rd1 Kg7 26. Be2 h4 27. Bf3 Re7 28. Qd3 b6 29. axb6 axb6 30. Qc4 Rc7 31. Qa6 g5 (31... Qe6 $11) 32. fxg5 $14 Bxg5 33. Qxb6 {d5 is the strong threat.} f4 (33... Rc8 $14) 34. g4 ({Better is} 34. gxh4 $16 Bxh4+ 35. Kg2) 34... h3 {And now ...Qe7 would win.} 35. Qc5 $36 {[%mdl 2048] White is pushing.} Bh4+ 36. Kf1 (36. Ke2 $5 {[%cal Rc5d6]} Re7+ 37. Kd2 $16 (37. Kf1 $2 Qd8 $19)) 36... Qe6 37. Qe5+ Kg8 $2 {[#] This move loses the game for Black.} (37... Qxe5 $11 {and Black stays safe.} 38. dxe5 Re7) 38. Qxe6 $1 $18 (38. Qxc7 {[#] leads to mate.} Qe3 $1 {[%mdl 512]} 39. Qd8+ Bxd8 40. g5 Bxg5 41. Rd3 Qxd3+ 42. Be2 Qe3 43. Bh5 Bh4 44. Bxf7+ Kxf7 45. c4 Qf2#) 38... fxe6 {[%mdl 4096] Endgame KRB-KRB} 39. Ke2 Kf7 40. Ra1 Bf6 41. Ra5 e5 42. dxe5 Re7 43. Bxc6 Rxe5+ $2 (43... Bxe5 44. Kd3 Bf6) 44. Rxe5 Bxe5 {KB-KB} 45. c4 f3+ (45... Bc3 $142 46. b5 Bd4) 46. Kxf3 Bxh2 47. g5 Bd6 48. c5 (48. Bd5+ $142 Kg6 49. c5) 48... h2 49. Kg4 {White mates.} Be5 50. Kf5 Bc3 51. Bd5+ Ke7 52. b5 Bd4 53. c6 Kd6 54. Bf3 Kc7 55. Ke6 {Weighted Error Value: White=0.17/Black=0.49} 1-0